|
|
|
|
| LEADER |
01646nam a2200349 a 4500 |
| 001 |
13858192 |
| 003 |
BD-DhAAL |
| 008 |
090730s2005 nyu 000 1 eng d |
| 010 |
|
|
|a 2005042796
|
| 020 |
|
|
|a 9780099421887
|
| 020 |
|
|
|a 0679783482 (acid-free paper)
|
| 040 |
|
|
|a DLC
|c DLC
|d DLC
|d BD-DhAAL
|
| 082 |
0 |
0 |
|a 823.914
|2 22
|
| 100 |
1 |
|
|a Rushdie, Salman.
|
| 245 |
1 |
0 |
|a Shalimar the clown :
|b a novel /
|c Salman Rushdie.
|
| 246 |
|
|
|a Shalimar the clown
|
| 260 |
|
|
|a New York ;
|a London :
|b Random House,
|c c2005.
|
| 300 |
|
|
|a 398 pages ;
|c 21 cm.
|
| 541 |
1 |
|
|a Donated by Farhana Zahir (Assistant Professor, BBS, BRAC University)
|e 00015821, 45400
|
| 650 |
|
0 |
|a Clowns
|v Fiction.
|9 60335
|
| 650 |
|
0 |
|a Revenge
|v Fiction.
|
| 650 |
|
0 |
|a Adultery
|v Fiction.
|
| 650 |
|
0 |
|a Ambassadors
|v Fiction.
|9 60336
|
| 650 |
|
0 |
|a Americans
|z India
|v Fiction.
|9 60337
|
| 650 |
|
0 |
|a Triangles (Interpersonal relations)
|v Fiction.
|
| 651 |
|
0 |
|a Jammu and Kashmir (India)
|v Fiction.
|9 60338
|
| 655 |
|
7 |
|a Psychological fiction.
|2 lcsh
|
| 852 |
4 |
|
|a Ayesha Abed Library
|j General shelf
|
| 942 |
|
|
|2 ddc
|c BK
|
| 999 |
|
|
|c 2994
|d 2994
|
| 952 |
|
|
|0 0
|1 0
|2 ddc
|4 0
|6 823_914000000000000_RUS_2006
|7 0
|9 10416
|a BRACUL
|b BRACUL
|c GEN
|d 2010-05-24
|l 15
|m 93
|o 823.914 RUS
|p 3010015821
|r 2023-07-23
|s 2023-07-08
|t 1
|w 2010-05-24
|y BK
|
| 952 |
|
|
|0 0
|1 0
|2 ddc
|4 0
|6 823_914000000000000_RUS
|7 0
|9 78831
|a BRACUL
|b BRACUL
|c NEW
|d 2026-03-02
|e Donated by Farhana Zahir, Assistant Professor, BRAC Business School, BRAC University
|l 1
|m 1
|o 823.914 RUS
|p 3010045400
|r 2026-05-04
|s 2026-04-22
|t 2
|w 2026-03-02
|y BK
|x Donated by Farhana Zahir, Assistant Professor, BRAC Business School, BRAC University on 17 February 2026; £9.99
|